Logos des agglomérations françaises - Statistiques

Statistiques générales
  • Ce quiz a été pris 51 fois
  • Le résultat moyen est 4 sur 30
Statistiques - réponses
Par images Réponse % Correct
Rennes Métropole
77%
Métropole du Grand Paris
60%
Métropole de Lyon
30%
Grand Besançon Métropole
28%
Métropole européenne de Lille
28%
Nantes Métropole
23%
Montpellier Méditerranée Métropole
21%
Bordeaux Métropole
17%
Métropole d'Aix-Marseille-Provence
17%
Toulouse Métropole
17%
Brest Métropole
15%
Eurométropole de Strasbourg
15%
Angers Loire Métropole
13%
Caen la Mer
13%
Clermont Auvergne Métropole
11%
Grand Reims
9%
Métropole du Grand Nancy
9%
Métropole Nice Côte d'Azur
6%
Métropole Toulon-Provence-Méditerranée
6%
Saint-Étienne Métropole
6%
Le Havre Seine Métropole
4%
Métropole Rouen Normandie
4%
Tours Métropole Val de Loire
4%
Dijon Métropole
2%
Eurométropole de Metz
2%
Grenoble Alpes Métropole
2%
Le Mans Métropole
2%
Orléans Métropole
2%
Perpignan Méditerranée Métropole
2%
Limoges Métropole
0%
Aucun quiz correspondant
Distribution des résultats
% des personnes avec chaque résultat
Percentile par nombre de réponses
Votre historique - résultats
Vous n’avez pas pris ce quiz